| 000 | 00775nam a2200205 a 4500 | ||
|---|---|---|---|
| 001 | 000028499 | ||
| 005 | 20200930054958.0 | ||
| 008 | 110408s1999 dr 000 0 spa d | ||
| 040 |
_aDO-SdBNP _bspa _cBNPHU |
||
| 082 |
_a331.11 _bA696v |
||
| 100 | 1 |
_aArias Rojas, Faustina _955467 |
|
| 245 | 1 | 0 |
_aVivencias de una empleada pública / _cFaustina Arias Rojas; prólogo Mario Suárez Marill. |
| 260 |
_a[Santo Domingo : _bCENAPEC, _c1999?]. |
||
| 300 |
_a32 p. ; _c21 cm. |
||
| 590 | _aInventariado, 2018/VM | ||
| 650 | 4 |
_aFuncionarios públicos _zRepública Dominicana _xCorrespondencia, memorias, etc. _938567 |
|
| 650 | 4 |
_aAdministración pública _zRepública Dominicana _93011 |
|
| 700 | 1 |
_aSuárez Marill, Mario _epról. _918218 |
|
| 910 | _aValidado. Control de calidad EMS. | ||
| 999 |
_c27991 _d27991 |
||